| 000 | 00610nam a2200241 a 4500 | ||
|---|---|---|---|
| 999 |
_c5569 _d5569 |
||
| 001 | 5569 | ||
| 003 | BD-JhCC | ||
| 005 | 20171221195829.0 | ||
| 008 | 171218s2003 ii a|||| || | 001 0 eng d | ||
| 020 | _a8129702029 | ||
| 035 | _a(BD-JhCC)5569 | ||
| 040 |
_aBD-JhCC _dBD-JhCC |
||
| 041 | _aeng | ||
| 082 |
_a658.3 _bDES 2003 |
||
| 100 | _aDessler, Gary | ||
| 245 |
_aHuman Resource Management / _cGary Dessler, |
||
| 250 | _a9th ed. | ||
| 260 |
_aIndia : _bPearson Education Publications, _c2003. |
||
| 300 |
_a558 p. : _c23 cm. |
||
| 650 | _aPersonnet Management | ||
| 942 |
_2ddc _cBK |
||